Évaluation de la prévalence de la dépression chez les sujets âgés au Sénégal : étude préliminaire sur une série de 304 sujets avec l’Échelle de Dépression Gériatrique (notice n° 1773783)
[ vue normale ]
| 000 -LEADER | |
|---|---|
| fixed length control field | 02222cam a2200277 4500500 |
| 005 - DATE AND TIME OF LATEST TRANSACTION | |
| control field | 20260322012545.0 |
| 041 ## - LANGUAGE CODE | |
| Language code of text/sound track or separate title | fre |
| 042 ## - AUTHENTICATION CODE | |
| Authentication code | dc |
| 100 10 - MAIN ENTRY--PERSONAL NAME | |
| Personal name | Thiam, Mamadou Habib |
| Relator term | author |
| 245 00 - TITLE STATEMENT | |
| Title | Évaluation de la prévalence de la dépression chez les sujets âgés au Sénégal : étude préliminaire sur une série de 304 sujets avec l’Échelle de Dépression Gériatrique |
| 260 ## - PUBLICATION, DISTRIBUTION, ETC. | |
| Date of publication, distribution, etc. | 2011.<br/> |
| 500 ## - GENERAL NOTE | |
| General note | 18 |
| 520 ## - SUMMARY, ETC. | |
| Summary, etc. | Introduction. La dépression est une affection mentale fréquente chez la personne âgée. Peu d’études ont été réalisées en Afrique. L’objective de cette étude était d’estimer sa prévalence dans une population de personnes âgées sénégalaises. Méthodologie. Une étude de type transversal a été menée de janvier à août 2002 à Dakar, au Sénégal lors d’une enquête porte à porte. Le « Geriatric Depression Scale » a été utilisé et auto-administré à des personnes âgées de 55 ans et plus habitant .3 quartiers de Dakar pour le dépistage de troubles dépressifs. Des données sociodémographiques (âge et sexe) ont été aussi collectées. Résultats. La population à l’étude (304) avait un âge moyen de 67,8 ans (±6,4). Cent quarante cinq (47,7%) avaient la dépression dont 124 (40,8%) de type mineur et 21 (6,9%) de type majeur par rapport à la population d’étude. L’âge était associé de manière statistiquement significative à la dépression majeure alors que la dépression mineure variait selon le sexe. Conclusion. Il est nécessaire de mener des études pour mieux comprendre l’épidémiologie de cette affection chez la personne âgée sénégalaise. |
| 690 ## - LOCAL SUBJECT ADDED ENTRY--TOPICAL TERM (OCLC, RLIN) | |
| Topical term or geographic name as entry element | Dépression |
| 690 ## - LOCAL SUBJECT ADDED ENTRY--TOPICAL TERM (OCLC, RLIN) | |
| Topical term or geographic name as entry element | Échelle de Dépression Gériatrique |
| 690 ## - LOCAL SUBJECT ADDED ENTRY--TOPICAL TERM (OCLC, RLIN) | |
| Topical term or geographic name as entry element | Personnes âgées |
| 690 ## - LOCAL SUBJECT ADDED ENTRY--TOPICAL TERM (OCLC, RLIN) | |
| Topical term or geographic name as entry element | Sénégal |
| 700 10 - ADDED ENTRY--PERSONAL NAME | |
| Personal name | Toure, Kamadore |
| Relator term | author |
| 700 10 - ADDED ENTRY--PERSONAL NAME | |
| Personal name | Faye, Papa Lamine |
| Relator term | author |
| 700 10 - ADDED ENTRY--PERSONAL NAME | |
| Personal name | Ba, Fatoumata |
| Relator term | author |
| 700 10 - ADDED ENTRY--PERSONAL NAME | |
| Personal name | Bâ, Idrissa |
| Relator term | author |
| 700 10 - ADDED ENTRY--PERSONAL NAME | |
| Personal name | Seck Sarr, Sokhna Fatou |
| Relator term | author |
| 700 10 - ADDED ENTRY--PERSONAL NAME | |
| Personal name | Coumé, Mamadou |
| Relator term | author |
| 786 0# - DATA SOURCE ENTRY | |
| Note | Psy Cause | 59 | 1 | 2011-01-11 | p. 16-20 | 1245-2394 |
| 856 41 - ELECTRONIC LOCATION AND ACCESS | |
| Uniform Resource Identifier | <a href="https://shs.cairn.info/revue-psy-cause-2011-1-page-16?lang=fr&redirect-ssocas=7080">https://shs.cairn.info/revue-psy-cause-2011-1-page-16?lang=fr&redirect-ssocas=7080</a> |
Pas d'exemplaire disponible.




Réseaux sociaux